• 首页
  • 本馆介绍
  • 公告通知
  • 最新文献
  • 馆藏检索
  • 电子资源
  • 读者导购
  • 参考咨询
  • 我的图书馆
  • 登录
  • 详细信息显示
  • 放入我的书架
  • 预约/预借图书
  • 作者相关作品
  • 分类相关作品
  • 丛书相关作品
  • 出版社相关作品

书目信息

  • 表格格式
  • 工作单格式
  • 卡片格式
题名:
墨辩逻辑学
    
 
作者: 陈孟麟 著
分册:  
出版信息: 济南   山东人民出版社  1979
页数: 105页
开本: 19cm
丛书名:
单 册:
中图分类: B81-092
科图分类:
主题词: 逻辑-墨辩--研究 , 墨家--研究 , DISPLAY逻辑
电子资源:
ISBN:
000 00651nam0 2200253 45
001 0179003505
005 20060809164001.59
010    @dCNY0.29
091    @aCN@b11099.202
100    @a19950712d1979 emky0chiy0121 ea
101 0  @achi
102    @aCN@b370000
105    @ay z 000yy
200 10 @a墨辩逻辑学@Amo bian luo ji xue@f陈孟麟著
210    @a济南@c山东人民出版社@d1979
215    @a105页@d19cm
605    @a墨辩@x逻辑@x研究
606    @a逻辑-墨辩@x研究
606    @a墨家@x研究
606 0  @aDISPLAY逻辑
690    @aB81-092@v3
701  0 @a陈孟麟@Achen meng lin@4著
801  0 @aCN@bTSSF@c20060809
905    @a10447@dB81-092@e170
    
    墨辩逻辑学/陈孟麟著.-济南:山东人民出版社,1979
    105页;19cm
    
    
    ISBN :CNY0.29
    
●
相关链接 在E读中查询图书 在五车中查询图书 在当当中查询图书 在豆瓣中查询图书


正题名:墨辩逻辑学     索取号:B81-092/170         预约/预借

序号 登录号 条形码 馆藏地/架位号 状态 备注
1 0450113   204501137   密集书库/ [索取号:B81-092/170] 在馆    
唐山师范学院图书馆 欢迎您!
大连网信软件有限公司© 版权所有